Fully charged : (Record no. 3201)

MARC details
000 -LEADER
fixed length control field 01248cam a22003737i 4500
005 - DATE AND TIME OF LATEST TRANSACTION
control field 20240219114201.0
020 ## - INTERNATIONAL STANDARD BOOK NUMBER
International Standard Book Number 9781423197546
040 ## - CATALOGING SOURCE
Original cataloging agency YDXCP
Language of cataloging eng
Transcribing agency YDXCP
Description conventions rda
Modifying agency BTCTA
-- BDX
-- CXP
-- FOLLT
-- CO2
-- DLC
050 00 - LIBRARY OF CONGRESS CALL NUMBER
Classification number PZ7.C161664
Item number 2014
082 04 - DEWEY DECIMAL CLASSIFICATION NUMBER
Classification number 428.6
100 1# - MAIN ENTRY--PERSONAL NAME
Personal name Candau, Brittany
Relator term author
245 10 - TITLE STATEMENT
Title Fully charged :
Statement of responsibility, etc. by Candau, Brittany
Remainder of title The amazing spider-man 2 /
250 ## - EDITION STATEMENT
Edition statement First Edition
260 ## - PUBLICATION, DISTRIBUTION, ETC.
Place of publication, distribution, etc. New York :
Name of publisher, distributor, etc. Marvel ,
Date of publication, distribution, etc. 2014
300 ## - PHYSICAL DESCRIPTION
Extent 32 pages :
Other physical details color illustrations ;
Dimensions 24 cm.
490 ## - SERIES STATEMENT
Series statement World of reading
Volume/sequential designation Level 2
505 ## - FORMATTED CONTENTS NOTE
Formatted contents note J <br/>
520 ## - SUMMARY, ETC.
Summary, etc. When the super villain Electro menaces New York, Spider-Man comes to save the day.
521 ## - TARGET AUDIENCE NOTE
Target audience note 480 <br/>
Source Lexile <br/>
521 ## - TARGET AUDIENCE NOTE
Target audience note J <br/>
Source Raz-Plus <br/>
650 #0 - SUBJECT ADDED ENTRY--TOPICAL TERM
Topical term or geographic name entry element Superheroes
Form subdivision Juvenile fiction
650 #0 - SUBJECT ADDED ENTRY--TOPICAL TERM
Topical term or geographic name entry element Good and evil
Form subdivision Juvenile fiction
650 #1 - SUBJECT ADDED ENTRY--TOPICAL TERM
Topical term or geographic name entry element Superheroes
Form subdivision Fiction.
650 #1 - SUBJECT ADDED ENTRY--TOPICAL TERM
Topical term or geographic name entry element Good and evil
Form subdivision Fiction
650 #1 - SUBJECT ADDED ENTRY--TOPICAL TERM
Topical term or geographic name entry element Science fiction
655 #7 - INDEX TERM--GENRE/FORM
Genre/form data or focus term Readers (Elementary)
Source of term lcsh
655 #7 - INDEX TERM--GENRE/FORM
Genre/form data or focus term Science fiction.
Source of term gsafd
700 1# - ADDED ENTRY--PERSONAL NAME
Personal name Smith, Andy
Dates associated with a name 1969-
Relator term illustrator
700 1# - ADDED ENTRY--PERSONAL NAME
Personal name Geraci, Drew
Relator term illustrator
700 1# - ADDED ENTRY--PERSONAL NAME
Personal name Pantazis, Pete
Relator term illustrator
906 ## - LOCAL DATA ELEMENT F, LDF (RLIN)
a 7
b cbc
c copycat
d 2
e ncip
f 20
g y-gencatlg
942 ## - ADDED ENTRY ELEMENTS (KOHA)
Source of classification or shelving scheme Dewey Decimal Classification
Koha item type Books
Suppress in OPAC No
999 ## -
-- 3201
-- 3201
Holdings
Withdrawn status Lost status Source of classification or shelving scheme Damaged status Not for loan Collection Home library Current library Shelving location Date acquired Total Checkouts Full call number Barcode Date last seen Date last checked out Price effective from Koha item type
    Dewey Decimal Classification     Juvenile Fiction Footprints International School Library Network Toul Kork Campus Footprints International School Library Network Toul Kork Campus   02/19/2024 2 CAN 428.6 PZ7.C161664 FISBK02706 04/10/2025 04/03/2025 02/19/2024 Books